| 000 | 00431nam a2200181Ia 4500 | ||
|---|---|---|---|
| 001 | 15522 | ||
| 005 | 20260306170202.0 | ||
| 008 | 260306t2003||||xx |||||||||||||| ||und|| | ||
| 041 | _aESP | ||
| 082 |
_a541.369 _bV28 2003 |
||
| 100 |
_aVan Wylen, Gordon _eAUT |
||
| 245 | 0 | _aFundamentos de termodinámica | |
| 260 | _c2003 | ||
| 300 |
_a892 páginas : _c25 cm. |
||
| 650 | _aGEN | ||
| 654 | _aCCN | ||
| 942 |
_cLIB _dJUS _fJUS _2ddc _n |
||
| 999 |
_c15522 _d15522 |
||